000
00311 a2200145 4500
001
150925
040
_c
Escola São Tomás de Aquino
100
_a
SANDRONI, Luciana
240
1
0
_a
Gata menina
_l
por
245
1
0
_a
Gata menina
300
_a
24
362
0
_a
2004
697
_a
*LITERATURA INFANTO
942
_c
BK
999
_c
150925
_d
150925